Nördlichste Hauptstädte - Statistiken

Allgemein
  • Dieses Quiz wurde 280 mal gespielt
  • Das Durchschnittsergebnis liegt bei 19 aus 21
Antwortstatistiken
Breite Hauptstadt % Korrekt
59.95 Oslo
98%
59.33 Stockholm
97%
60.17 Helsinki
96%
55.76 Moskau
96%
64.13 Reykjavík
95%
52.50 Berlin
94%
56.95 Riga
93%
59.44 Tallinn
93%
52.37 Amsterdam
91%
55.68 Kopenhagen
91%
51.51 London
91%
52.23 Warschau
91%
54.68 Vilnius
89%
53.35 Dublin
88%
50.85 Brüssel
87%
53.90 Minsk
87%
50.08 Prag
85%
48.86 Paris
84%
50.45 Kiew
78%
49.61 Luxemburg
78%
51.17 Nur-Sultan
61%
Keine übereinstimmenden Quizze gefunden
Verteilung der Resultate
Anzahl Personen mit jedem Resultat
Perzentil nach korrekt beantworteten Fragen
Ihre Resultats-Entwicklung
Sie haben dieses Quiz noch nicht gespielt